[Event "44th Bosna it"]
[Site "Sarajevo BIH"]
[Date "2014.06.05"]
[Round "8.11"]
[White "Kadric, Denis"]
[Black "Bistric, Faruk"]
[Result "1/2-1/2"]
[WhiteElo "2479"]
[BlackElo "2363"]
[EventDate "2014.05.30"]
[PlyCount "155"]

1.e4 Nf6 2.e5 Nd5 3.d4 d6 4.c4 Nb6 5.exd6 cxd6 6.Nc3 g6 7.Be3 Bg7 8.Rc1 
O-O 9.b3 e5 10.dxe5 dxe5 11.Qxd8 Rxd8 12.c5 N6d7 13.Nf3 Nc6 14.Ne4 Nf6 15.
Nd6 Ne8 16.Nxc8 Raxc8 17.Bc4 Nc7 18.O-O Nd5 19.Bg5 f6 20.Rfd1 Ne7 21.Bd2 
Kf8 22.b4 Rc7 23.Bb3 b5 24.cxb6 axb6 25.Rxc7 Nxc7 26.Rc1 Ncd5 27.g3 h6 28.
Re1 Rd6 29.a3 Ke8 30.Bc1 b5 31.Rd1 Kd7 32.Kf1 Bf8 33.Bb2 Nb6 34.Rxd6+ Kxd6
35.Bc1 Nbd5 36.Bc2 f5 37.Bb2 Bg7 38.Ne1 Nb6 39.Nd3 Nc4 40.Bc1 e4 41.Nc5 
Bb2 42.Bf4+ Kc6 43.Bxh6 Bxa3 44.Ne6 Bxb4 45.Bg5 Nd5 46.Nd4+ Kb6 47.h4 Be7 
48.Bxe7 Nxe7 49.Ke2 Kc5 50.Ne6+ Kb4 51.Nc7 Kc3 52.Bd1 b4 53.Nb5+ Kb2 54.f3
Nd5 55.fxe4 fxe4 56.Nd4 Nc3+ 57.Ke1 Ne5 58.Bb3 e3 59.Be6 Nd3+ 60.Kf1 Kc1 
61.Bc4 Ne5 62.Be2 Kd2 63.Nb3+ Kc2 64.Nd4+ Kb2 65.h5 Nxe2 66.Kxe2 gxh5 67.
Kxe3 Kc3 68.Ne2+ Kc4 69.Nc1 Nd7 70.Nd3 b3 71.Kd2 Nf6 72.Nb2+ Kd4 73.Ke2 
Ke4 74.Nc4 Nd5 75.Nd2+ Kf5 76.Nxb3 Kg4 77.Kf2 h4 78.gxh4 1/2-1/2

[Event "44th Bosna it"]
[Site "Sarajevo BIH"]
[Date "2014.06.05"]
[Round "8.12"]
[White "Sutkovic, Damir"]
[Black "Ali Marandi, Cemil Can"]
[Result "1/2-1/2"]
[WhiteElo "2326"]
[BlackElo "2383"]
[EventDate "2014.05.30"]
[PlyCount "107"]

1.d4 d5 2.Nf3 Nf6 3.g3 c6 4.Bg2 Bf5 5.O-O Nbd7 6.b3 e6 7.Bb2 h6 8.c4 Be7 
9.Nbd2 O-O 10.a3 a5 11.Ne5 Bh7 12.Ndf3 a4 13.b4 dxc4 14.Nxc4 Nb6 15.Nfe5 
Nxc4 16.Nxc4 Qc7 17.Na5 Rxa5 18.bxa5 Qxa5 19.e3 Ne4 20.Qe2 Rd8 21.Rfd1 Rd5
22.f3 Nc3 23.Bxc3 Qxc3 24.Qd2 Qb3 25.e4 Rd7 26.Rdb1 Qc4 27.Bf1 Rxd4 28.
Bxc4 Rxd2 29.Rxb7 Bc5+ 30.Kh1 Bg6 31.Rc7 Rc2 32.Bf1 Bd4 33.Rd1 e5 34.Rb1 
h5 35.h4 Kh7 36.Rc8 Bb2 37.Rd1 Bd4 38.Rb1 Bb2 39.Bb5 c5 40.Bxa4 Rf2 41.
Rxc5 Bd4 42.Rc8 Rxf3 43.Bc6 Rxg3 44.Rbb8 Kh6 45.Rh8+ Bh7 46.Bd5 Rg4 47.
Bxf7 Rxh4+ 48.Kg2 Rg4+ 49.Kh3 Kg5 50.Rxh7 Rh4+ 51.Kg2 Rg4+ 52.Kh3 Rh4+ 53.
Kg2 Rg4+ 54.Kh3 1/2-1/2

[Event "44th Bosna it"]
[Site "Sarajevo BIH"]
[Date "2014.06.05"]
[Round "8.13"]
[White "Rasidovic, Sead"]
[Black "Draganic, Veljko"]
[Result "1/2-1/2"]
[WhiteElo "2338"]
[BlackElo "2253"]
[EventDate "2014.05.30"]
[PlyCount "86"]

1.e4 e6 2.d4 d5 3.e5 c5 4.c3 Nc6 5.Nf3 Qb6 6.a3 c4 7.g3 Na5 8.Nbd2 Bd7 9.
Bh3 Ne7 10.O-O h6 11.Ne1 Qc7 12.f4 g6 13.Bg4 O-O-O 14.Ng2 Kb8 15.a4 Nc8 
16.Qc2 Nb6 17.Bd1 Be7 18.Ne3 Ka8 19.g4 Rdg8 20.Kh1 Bc6 21.Qb1 Rg7 22.Qa2 
a6 23.Rf2 Ka7 24.Rg2 Rgh7 25.Kg1 Qd8 26.Rf2 Rg7 27.Rg2 Rhg8 28.Kf1 Rf8 29.
Kg1 Rfg8 30.Bc2 h5 31.g5 Qc7 32.h4 Rh8 33.Rh2 Rgg8 34.Kf1 Rd8 35.Kg1 Rc8 
36.Rf2 Qd8 37.Rg2 Qc7 38.Rg3 Qd8 39.Rg2 Qc7 40.Rf2 Qd8 41.Rg2 Qc7 42.Rf2 
Qd8 43.Rg2 Qc7 1/2-1/2

[Event "44th Bosna it"]
[Site "Sarajevo BIH"]
[Date "2014.06.05"]
[Round "8.14"]
[White "Marjanovic, Dejan"]
[Black "Nestorovic, Dejan"]
[Result "1-0"]
[WhiteElo "2330"]
[BlackElo "2432"]
[EventDate "2014.05.30"]
[PlyCount "65"]

1.d4 Nf6 2.Bg5 e6 3.e4 h6 4.Bxf6 Qxf6 5.c3 d6 6.Bd3 Nc6 7.Ne2 e5 8.d5 Nb8 
9.O-O Qe7 10.Nd2 g6 11.b4 Bg7 12.Qc2 O-O 13.c4 c5 14.dxc6 bxc6 15.c5 d5 
16.b5 dxe4 17.Nxe4 f5 18.Nd6 e4 19.Bc4+ Kh7 20.Rad1 Nd7 21.bxc6 Nxc5 22.
Bg8+ Rxg8 23.Qxc5 Ba6 24.Rfe1 Rgd8 25.Nf4 Bf8 26.Nxg6 Kxg6 27.Qxf5+ Kg7 
28.Rxe4 Qg5 29.Rg4 Bxd6 30.Rxg5+ hxg5 31.Qxg5+ Kf7 32.Qf5+ Kg7 33.Rd4 1-0

[Event "44th Bosna it"]
[Site "Sarajevo BIH"]
[Date "2014.06.05"]
[Round "8.15"]
[White "Toth, Aleksandar"]
[Black "Markoja, Boris"]
[Result "1/2-1/2"]
[WhiteElo "2304"]
[BlackElo "2164"]
[EventDate "2014.05.30"]
[PlyCount "24"]

1.e4 e6 2.d3 d5 3.Nd2 Nf6 4.Ngf3 b6 5.c3 c5 6.Qa4+ Qd7 7.Qc2 Qc7 8.g3 Nc6 
9.Bg2 Bd6 10.O-O O-O 11.Re1 Bb7 12.exd5 exd5 1/2-1/2

[Event "44th Bosna it"]
[Site "Sarajevo BIH"]
[Date "2014.06.05"]
[Round "8.16"]
[White "Mrsevic, Miroslav"]
[Black "Mestrovic, Zvonimir"]
[Result "0-1"]
[WhiteElo "2273"]
[BlackElo "2301"]
[EventDate "2014.05.30"]
[PlyCount "80"]

1.e4 Nc6 2.d3 Nf6 3.Nf3 e5 4.g3 d5 5.exd5 Qxd5 6.Bg2 Bg4 7.Nc3 Bb4 8.O-O 
Qd7 9.a3 Bd6 10.Be3 h5 11.Qd2 Bxf3 12.Bxf3 h4 13.Qe2 O-O-O 14.Ne4 Kb8 15.
c3 Be7 16.Rfd1 Nd5 17.Nc5 Bxc5 18.Bxc5 f5 19.a4 g5 20.Ra3 g4 21.Bg2 f4 22.
Be4 f3 23.Qe1 Nf6 24.Rb3 Nxe4 25.Qxe4 hxg3 26.fxg3 Qh7 27.Qxh7 Rxh7 28.Be3
e4 29.Rb5 exd3 30.Rg5 Re7 31.Kf2 Rh8 32.h4 gxh3 33.Rxd3 b6 34.Rd1 Rhe8 35.
Bf4 Re2+ 36.Kxf3 Rxb2 37.Rh5 Rc2 38.Rxh3 Rxc3+ 39.Kg4 Ne5+ 40.Kf5 Nd3 0-1

[Event "44th Bosna it"]
[Site "Sarajevo BIH"]
[Date "2014.06.05"]
[Round "8.17"]
[White "Kamberovic, Senad"]
[Black "Burovic, Ismet"]
[Result "0-1"]
[WhiteElo "2259"]
[BlackElo "2374"]
[EventDate "2014.05.30"]
[PlyCount "110"]

1.d4 g6 2.Bf4 Bg7 3.e3 Nf6 4.h3 O-O 5.Nf3 c5 6.Be2 d6 7.O-O cxd4 8.exd4 
Nd5 9.Bc1 e5 10.c4 Ne7 11.Nc3 h6 12.Be3 Nf5 13.dxe5 Nxe3 14.fxe3 dxe5 15.
Qxd8 Rxd8 16.Rad1 Rxd1 17.Rxd1 Nc6 18.b3 Be6 19.Nb5 Rc8 20.Nd6 Rc7 21.Ne8 
Rd7 22.Rxd7 Bxd7 23.Nxg7 Kxg7 24.Nd2 Nb4 25.a4 f5 26.Kf2 Na6 27.Bd1 Nc5 
28.Bc2 a5 29.Nb1 Bc6 30.Nc3 Kf6 31.h4 g5 32.hxg5+ Kxg5 33.g3 f4 34.Na2 h5 
35.exf4+ exf4 36.gxf4+ Kxf4 37.b4 Be4 38.Bxe4 Nxe4+ 39.Kg2 axb4 40.Nxb4 
Nc5 41.a5 Ke4 42.Nd5 Kd4 43.Nb6 Nb3 44.Kh3 Nxa5 45.Na8 Nxc4 46.Nc7 Ne3 47.
Kh4 Nd5 48.Ne6+ Kc4 49.Kxh5 b5 50.Ng5 b4 51.Ne4 Kd4 52.Nd2 Nf6+ 53.Kh4 Kc3
54.Nf1 Nd5 55.Ng3 Kd3 0-1

[Event "44th Bosna it"]
[Site "Sarajevo BIH"]
[Date "2014.06.05"]
[Round "8.18"]
[White "Bojovic, Dusan"]
[Black "Trkulja, Goran"]
[Result "1-0"]
[WhiteElo "2285"]
[BlackElo "2363"]
[EventDate "2014.05.30"]
[PlyCount "65"]

1.e4 c5 2.Nf3 e6 3.d4 cxd4 4.Nxd4 a6 5.Bd3 Qc7 6.O-O Nc6 7.Be3 Nf6 8.Nc3 
b5 9.Kh1 h5 10.f4 Ng4 11.Bg1 Nxd4 12.Bxd4 Bc5 13.Bxc5 Qxc5 14.Qe2 Bb7 15.
e5 b4 16.Ne4 Bxe4 17.Bxe4 Rc8 18.Qxa6 O-O 19.Qe2 Qd4 20.Rad1 Qxb2 21.h3 d5
22.exd6 Nf6 23.d7 Rb8 24.Rf3 Qxa2 25.Rfd3 Rfd8 26.Bf3 Nd5 27.Bxd5 exd5 28.
Rxd5 b3 29.Re5 Kf8 30.Re1 Qa4 31.Re8+ Rxe8 32.Qxe8+ Rxe8 33.Rxe8# 1-0

[Event "44th Bosna it"]
[Site "Sarajevo BIH"]
[Date "2014.06.05"]
[Round "8.20"]
[White "Nestorovic, Lazar"]
[Black "Karger, Frank"]
[Result "1/2-1/2"]
[WhiteElo "2337"]
[BlackElo "2293"]
[EventDate "2014.05.30"]
[PlyCount "80"]

1.d4 Nf6 2.Nf3 g6 3.Bg5 Bg7 4.Nbd2 d5 5.e3 O-O 6.Bd3 c5 7.c3 Qb6 8.Rb1 Nc6
9.O-O e5 10.Nxe5 Nxe5 11.dxe5 Ng4 12.Nf3 Re8 13.Qa4 Be6 14.Bf4 Qc7 15.b4 
Nxe5 16.Nxe5 Bxe5 17.bxc5 Bxf4 18.Qxf4 Qxf4 19.exf4 Rec8 20.Rxb7 Rxc5 21.
Rc1 Rac8 22.Rb3 d4 23.c4 Bxc4 24.Bxc4 Rxc4 25.Rxc4 Rxc4 26.g3 a5 27.Kg2 a4
28.Rb8+ Kg7 29.Rd8 Kf6 30.Kf3 Ke7 31.Rd5 f5 32.h3 Rc3+ 33.Ke2 Ra3 34.Rxd4 
Rxa2+ 35.Ke3 Ra1 36.Kf3 a3 37.Rd3 a2 38.Ra3 Kd6 39.h4 h5 40.Ra8 Kd5 
1/2-1/2

[Event "44th Bosna it"]
[Site "Sarajevo BIH"]
[Date "2014.06.06"]
[Round "9.2"]
[White "Bok, Benjamin"]
[Black "Sebenik, Matej"]
[Result "0-1"]
[WhiteElo "2605"]
[BlackElo "2497"]
[EventDate "2014.05.30"]
[PlyCount "90"]

1.e4 c5 2.Nf3 d6 3.c3 Nf6 4.Be2 g6 5.O-O Bg7 6.Bb5+ Bd7 7.Bxd7+ Nbxd7 8.
Re1 O-O 9.d4 Rc8 10.h3 Qb6 11.e5 Nd5 12.exd6 Qxd6 13.Na3 cxd4 14.Nxd4 a6 
15.Bg5 e6 16.Nac2 h6 17.Bh4 Qb6 18.Nb3 Ne5 19.Ne3 Nxe3 20.Rxe3 Nc4 21.Re2 
a5 22.Rb1 g5 23.Bg3 Rfd8 24.Qc2 a4 25.Nd2 Nxd2 26.Rxd2 Rxd2 27.Qxd2 Rxc3 
28.Rd1 Rc5 29.Qd7 Qc6 30.Qd8+ Kh7 31.Rd6 Qb5 32.Kh2 Rd5 33.Qe7 Rxd6 34.
Bxd6 Kg6 35.b3 axb3 36.axb3 Qxb3 37.h4 gxh4 38.Qxh4 Qd5 39.Qg3+ Kh7 40.Qa3
b5 41.g3 Bd4 42.Bf4 Bxf2 43.Qf8 Qh5+ 44.Kg2 Bd4 45.Qa8 Qd5+ 0-1

[Event "44th Bosna it"]
[Site "Sarajevo BIH"]
[Date "2014.06.06"]
[Round "9.4"]
[White "Yilmaz, Mustafa"]
[Black "Stojanovic, Dalibor"]
[Result "1/2-1/2"]
[WhiteElo "2564"]
[BlackElo "2493"]
[EventDate "2014.05.30"]
[PlyCount "52"]

1.d4 Nf6 2.Nf3 e6 3.g3 d5 4.Bg2 Be7 5.c4 O-O 6.O-O dxc4 7.Qc2 a6 8.Qxc4 b5
9.Qc2 Bb7 10.Bd2 Be4 11.Qc1 Bb7 12.Qc2 Be4 13.Qc1 Bb7 14.Bf4 Bd6 15.Nbd2 
Nbd7 16.Nb3 Bd5 17.Rd1 Qb8 18.Ne5 Bxg2 19.Kxg2 Qe8 20.Qc6 Nb6 21.Rac1 Nfd5
22.Qxe8 Rfxe8 23.Na5 f6 24.Nd3 e5 25.dxe5 fxe5 26.Bg5 h6 1/2-1/2

[Event "44th Bosna it"]
[Site "Sarajevo BIH"]
[Date "2014.06.06"]
[Round "9.5"]
[White "Kovacevic, Aleksandar"]
[Black "Kurajica, Bojan"]
[Result "1/2-1/2"]
[WhiteElo "2560"]
[BlackElo "2499"]
[EventDate "2014.05.30"]
[PlyCount "72"]

1.e4 c5 2.Nf3 Nc6 3.d4 cxd4 4.Nxd4 Qc7 5.Nc3 e6 6.Be2 a6 7.O-O Nf6 8.Be3 
Bb4 9.Na4 Be7 10.Nxc6 bxc6 11.Nb6 Rb8 12.Nxc8 Qxc8 13.Bd4 Qc7 14.e5 Nd5 
15.c4 Nf4 16.g3 c5 17.Bc3 Nxe2+ 18.Qxe2 Qc6 19.Rad1 h5 20.h3 f5 21.exf6 
Bxf6 22.Be5 Bxe5 23.Qxe5 O-O 24.b3 h4 25.Rd6 Qb7 26.g4 Rbc8 27.Qg5 Rf7 28.
Rfd1 Rcf8 29.Qxh4 Qe4 30.Rxd7 Rxd7 31.Rxd7 Qe1+ 32.Kg2 Qe4+ 33.Kf1 Qb1+ 
34.Kg2 Qe4+ 35.Kh2 Qe5+ 36.Kg2 Qe4+ 1/2-1/2

[Event "44th Bosna it"]
[Site "Sarajevo BIH"]
[Date "2014.06.06"]
[Round "9.6"]
[White "Jovanovic, Zoran"]
[Black "Gleizerov, Evgeny"]
[Result "1/2-1/2"]
[WhiteElo "2546"]
[BlackElo "2541"]
[EventDate "2014.05.30"]
[PlyCount "29"]

1.e4 e6 2.d4 d5 3.Nc3 Nf6 4.Bg5 Be7 5.e5 Nfd7 6.Bxe7 Qxe7 7.f4 O-O 8.Nf3 
c5 9.dxc5 Nc6 10.Bd3 f6 11.exf6 Qxf6 12.g3 Nxc5 13.O-O Bd7 14.Bb5 Ne7 15.
Bxd7 1/2-1/2

[Event "44th Bosna it"]
[Site "Sarajevo BIH"]
[Date "2014.06.06"]
[Round "9.7"]
[White "Bosiocic, Marin"]
[Black "Dastan, Muhammed Batuhan"]
[Result "1-0"]
[WhiteElo "2542"]
[BlackElo "2439"]
[EventDate "2014.05.30"]
[PlyCount "93"]

1.e4 e5 2.Nf3 Nc6 3.Bb5 a6 4.Ba4 Nf6 5.O-O Be7 6.Re1 b5 7.Bb3 d6 8.c3 O-O 
9.h3 Nb8 10.d4 Nbd7 11.Nbd2 Bb7 12.Bc2 Re8 13.Nf1 Bf8 14.Ng3 g6 15.a4 c5 
16.d5 c4 17.Bg5 h6 18.Be3 Nc5 19.Qd2 h5 20.Bxc5 dxc5 21.Bd1 Nd7 22.Be2 Nb6
23.axb5 axb5 24.b3 f5 25.bxc4 bxc4 26.Rab1 Ra6 27.Qg5 Qxg5 28.Nxg5 h4 29.
Nf1 Bc8 30.exf5 Bxf5 31.Rb5 Bd3 32.Ne3 Bh6 33.Bxd3 cxd3 34.Ne4 Bxe3 35.
Nf6+ Kf8 36.Nxe8 d2 37.Rf1 Kxe8 38.fxe3 Nc4 39.Rd1 Ra2 40.Kf2 Nd6 41.Rb8+ 
Kd7 42.Kf3 Nc4 43.Rb7+ Kd6 44.e4 Ra3 45.Ke2 Rxc3 46.Rf1 d1=Q+ 47.Kxd1 1-0

[Event "44th Bosna it"]
[Site "Sarajevo BIH"]
[Date "2014.06.06"]
[Round "9.8"]
[White "Dizdarevic, Emir"]
[Black "Djukic, Nikola"]
[Result "1/2-1/2"]
[WhiteElo "2509"]
[BlackElo "2534"]
[EventDate "2014.05.30"]
[PlyCount "58"]

1.Nf3 Nf6 2.g3 g6 3.Bg2 Bg7 4.O-O O-O 5.d4 d5 6.Ne5 c6 7.c4 dxc4 8.Nxc4 
Be6 9.b3 Bd5 10.Bb2 Nbd7 11.Nbd2 Bxg2 12.Kxg2 c5 13.dxc5 Nxc5 14.Rc1 Qd5+ 
15.Nf3 Nce4 16.Qd4 Qxd4 17.Nxd4 Nd5 18.Na5 Rfc8 19.e3 Nb4 20.Ba3 Nd3 21.
Rcd1 Ndc5 22.Bxc5 Nxc5 23.b4 Ne4 24.Nxb7 Nc3 25.Rd2 Rab8 26.Na5 Bxd4 27.
Rxd4 Nxa2 28.Rd7 Kf8 29.Rxa7 Nxb4 1/2-1/2

[Event "44th Bosna it"]
[Site "Sarajevo BIH"]
[Date "2014.06.06"]
[Round "9.9"]
[White "Ulibin, Mikhail"]
[Black "Kohlweyer, Bernd"]
[Result "1/2-1/2"]
[WhiteElo "2498"]
[BlackElo "2422"]
[EventDate "2014.05.30"]
[PlyCount "72"]

1.d4 Nf6 2.c4 e6 3.Nc3 Bb4 4.f3 d5 5.a3 Bxc3+ 6.bxc3 Nc6 7.Bg5 h6 8.Bh4 
Qe7 9.e3 Bd7 10.cxd5 exd5 11.Bf2 Na5 12.Bd3 O-O 13.Ne2 b5 14.O-O Nc4 15.
Qc1 c5 16.Re1 cxd4 17.Nxd4 Rfc8 18.Bh4 Qd6 19.Kh1 Rc5 20.Ra2 Re8 21.g4 Ne5
22.Bf1 Rec8 23.Rc2 Re8 24.Bg3 Qb6 25.h4 a6 26.h5 Nxf3 27.Nxf3 Bxg4 28.Nd4 
Bxh5 29.Bd3 Bg6 30.Bxg6 fxg6 31.Rg1 Ne4 32.Be1 Rc7 33.Qd1 Rf7 34.Rcg2 g5 
35.Qb3 Qd8 36.Qd1 Qd7 1/2-1/2

[Event "44th Bosna it"]
[Site "Sarajevo BIH"]
[Date "2014.06.06"]
[Round "9.10"]
[White "Draganic, Veljko"]
[Black "Kadric, Denis"]
[Result "0-1"]
[WhiteElo "2253"]
[BlackElo "2479"]
[EventDate "2014.05.30"]
[PlyCount "90"]

1.e4 d6 2.d4 Nf6 3.Nc3 e5 4.Nf3 Nbd7 5.Bc4 Be7 6.O-O O-O 7.Re1 c6 8.a4 
exd4 9.Nxd4 Ne5 10.Ba2 Re8 11.Bf4 Qa5 12.Nf5 Bxf5 13.exf5 Bf8 14.Qd4 Nfd7 
15.Rad1 Qb6 16.Qxb6 axb6 17.Kf1 d5 18.Nxd5 cxd5 19.Rxd5 Rxa4 20.Bxe5 Rxe5 
21.Rexe5 Nxe5 22.Bb3 Ra5 23.Rd1 Nc6 24.g4 Re5 25.Bd5 Re7 26.g5 Rd7 27.g6 
Kh8 28.Ke2 fxg6 29.fxg6 Ne7 30.Bf3 Rxd1 31.Kxd1 Nxg6 32.Bxb7 Bd6 33.h3 Nf4
34.Bc8 Kg8 35.Kd2 Bc5 36.f3 Kf7 37.c3 Ke7 38.b4 Bf2 39.c4 Kd8 40.Ba6 Nxh3 
41.Ke2 Bg1 42.Kf1 Bd4 43.Kg2 Nf4+ 44.Kg3 Nd3 45.Bb7 Nxb4 0-1

[Event "44th Bosna it"]
[Site "Sarajevo BIH"]
[Date "2014.06.06"]
[Round "9.11"]
[White "Ali Marandi, Cemil Can"]
[Black "Marjanovic, Dejan"]
[Result "1/2-1/2"]
[WhiteElo "2383"]
[BlackElo "2330"]
[EventDate "2014.05.30"]
[PlyCount "30"]

1.e4 e6 2.d4 d5 3.Nc3 dxe4 4.Nxe4 Bd7 5.Nf3 Bc6 6.Bd3 Nd7 7.O-O Ngf6 8.Ng3
g6 9.c4 Bg7 10.d5 exd5 11.Re1+ Kf8 12.Nd4 Kg8 13.Bf4 Nf8 14.Rc1 Bd7 15.Qb3
c5 1/2-1/2

[Event "44th Bosna it"]
[Site "Sarajevo BIH"]
[Date "2014.06.06"]
[Round "9.12"]
[White "Bistric, Faruk"]
[Black "Sutkovic, Damir"]
[Result "1-0"]
[WhiteElo "2363"]
[BlackElo "2326"]
[EventDate "2014.05.30"]
[PlyCount "61"]

1.Nf3 Nf6 2.d4 d6 3.Qd3 g6 4.e4 Bg7 5.Be2 O-O 6.c3 b6 7.O-O Bb7 8.Nbd2 c5 
9.Re1 cxd4 10.cxd4 d5 11.e5 Ne4 12.Qe3 Nxd2 13.Bxd2 Nc6 14.Bd3 f6 15.Rad1 
fxe5 16.dxe5 Rxf3 17.Qxf3 Nxe5 18.Qg3 Nxd3 19.Qxd3 e5 20.a4 Qh4 21.a5 Rf8 
22.Re2 bxa5 23.Bxa5 Kh8 24.Qb5 Ba8 25.Bb4 Rd8 26.Qa5 Re8 27.Be1 d4 28.f3 
Qg5 29.Qa3 Bc6 30.Qc5 Ba4 31.Rxd4 1-0

[Event "44th Bosna it"]
[Site "Sarajevo BIH"]
[Date "2014.06.06"]
[Round "9.14"]
[White "Solomunovic, Igor"]
[Black "Bojovic, Dusan"]
[Result "1-0"]
[WhiteElo "2448"]
[BlackElo "2285"]
[EventDate "2014.05.30"]
[PlyCount "59"]

1.d4 Nf6 2.Nf3 g6 3.c4 Bg7 4.Nc3 d6 5.g3 c6 6.Bg2 O-O 7.O-O Nbd7 8.e4 Qa5 
9.h3 e5 10.Re1 Re8 11.d5 cxd5 12.cxd5 b5 13.Nd2 Nc5 14.a3 b4 15.Nc4 Qa6 
16.axb4 Qxa1 17.bxc5 dxc5 18.Na3 Rb8 19.Qc2 Re7 20.Bf1 Reb7 21.Ncb5 Rxb5 
22.Bxb5 Bd7 23.Bd2 Qa2 24.Bc4 Qxb2 25.Rb1 Qxa3 26.Rxb8+ Ne8 27.Bb5 Bxb5 
28.Rxb5 Qa1+ 29.Kg2 Bf8 30.Rb8 1-0

[Event "44th Bosna it"]
[Site "Sarajevo BIH"]
[Date "2014.06.06"]
[Round "9.15"]
[White "Burovic, Ismet"]
[Black "Toth, Aleksandar"]
[Result "1-0"]
[WhiteElo "2374"]
[BlackElo "2304"]
[EventDate "2014.05.30"]
[PlyCount "79"]

1.e4 d5 2.exd5 Qxd5 3.Nf3 Nf6 4.Be2 g6 5.O-O Bg7 6.d4 O-O 7.c4 Qd8 8.Nc3 
c6 9.h3 Bf5 10.Qb3 Qb6 11.Qa3 Qc7 12.Be3 Re8 13.Rfd1 Ne4 14.Nxe4 Bxe4 15.
Ng5 Bf5 16.Rac1 h6 17.Nf3 Be4 18.b4 Bxf3 19.Bxf3 Nd7 20.b5 e6 21.bxc6 bxc6
22.d5 Ne5 23.Be2 exd5 24.cxd5 Bf8 25.d6 Qd8 26.f4 Nd7 27.Rxc6 a5 28.Bf3 
Rb8 29.Bd2 Rb5 30.Qa4 Qb8 31.Bc3 Bg7 32.Bxg7 Kxg7 33.Qd4+ Kg8 34.Rc7 Rb4 
35.Qa7 Qxa7+ 36.Rxa7 Rd8 37.g3 a4 38.Bc6 Nb6 39.d7 Rc4 40.Re1 1-0

[Event "44th Bosna it"]
[Site "Sarajevo BIH"]
[Date "2014.06.06"]
[Round "9.16"]
[White "Markoja, Boris"]
[Black "Rasidovic, Sead"]
[Result "1-0"]
[WhiteElo "2164"]
[BlackElo "2338"]
[EventDate "2014.05.30"]
[PlyCount "47"]

1.c4 e5 2.g3 d6 3.Bg2 c6 4.d4 Qc7 5.Nf3 Nd7 6.O-O Ngf6 7.Nc3 Be7 8.b3 O-O 
9.Bb2 Re8 10.Qd2 a6 11.Rac1 b6 12.Nh4 Bf8 13.Rcd1 Bb7 14.Nf5 Red8 15.Qg5 
Kh8 16.dxe5 dxe5 17.f4 h6 18.Qh4 exf4 19.Ne4 Kh7 20.Nxh6 gxh6 21.Nxf6+ 
Nxf6 22.Qxf6 Re8 23.Qh8+ Kg6 24.Qg8+ 1-0

[Event "44th Bosna it"]
[Site "Sarajevo BIH"]
[Date "2014.06.06"]
[Round "9.17"]
[White "Vrana, Frantisek"]
[Black "Nestorovic, Dejan"]
[Result "1/2-1/2"]
[WhiteElo "2250"]
[BlackElo "2432"]
[EventDate "2014.05.30"]
[PlyCount "149"]

1.e4 c5 2.Nf3 e6 3.d3 Nc6 4.g3 d6 5.Bg2 Nf6 6.O-O Be7 7.Nc3 O-O 8.Re1 Qc7 
9.Bf4 Nd7 10.Nb5 Qb8 11.c4 a6 12.Nc3 Nde5 13.Be3 Nxf3+ 14.Bxf3 Bf6 15.Bg2 
Bd7 16.Qd2 b5 17.Rab1 Ra7 18.Ne2 Rd8 19.Bg5 Bxg5 20.Qxg5 Ne5 21.Red1 bxc4 
22.dxc4 Nxc4 23.b3 Ne5 24.Rb2 Be8 25.Rbd2 Nc6 26.f4 a5 27.e5 d5 28.Nc3 Nd4
29.f5 h6 30.Qf4 exf5 31.Bxd5 Re7 32.Re1 Qc7 33.Kf2 Bc6 34.Bxc6 Qxc6 35.Ne2
Rd5 36.Nxd4 cxd4 37.Qxf5 Qb6 38.Qf4 Qc5 39.g4 d3+ 40.Qe3 Qc3 41.Red1 Rexe5
42.Rxd3 Rxe3 43.Rxc3 Rxc3 44.Rxd5 Rc2+ 45.Kg3 Rxa2 46.Rf5 g6 47.Rb5 Kg7 
48.Kf4 Rxh2 49.Rxa5 g5+ 50.Kg3 Rc2 51.Rb5 Rc3+ 52.Kg2 Kg6 53.Rb8 Re3 54.b4
f6 55.b5 h5 56.b6 Rb3 57.b7 Kg7 58.gxh5 f5 59.Kf1 f4 60.Kg1 Kh7 61.Kf1 f3 
62.Rf8 Rxb7 63.Rxf3 Kh6 64.Ra3 Kxh5 65.Kg2 Kh4 66.Rc3 Rb2+ 67.Kg1 Re2 68.
Ra3 Re4 69.Rb3 Kg4 70.Kg2 Re2+ 71.Kf1 Rh2 72.Kg1 Rh3 73.Rb4+ Kh5 74.Rc4 g4
75.Rc8 1/2-1/2

[Event "44th Bosna it"]
[Site "Sarajevo BIH"]
[Date "2014.06.06"]
[Round "9.18"]
[White "Louis, Thibault"]
[Black "Mrsevic, Miroslav"]
[Result "0-1"]
[WhiteElo "2242"]
[BlackElo "2273"]
[EventDate "2014.05.30"]
[PlyCount "78"]

1.e4 d6 2.d4 Nf6 3.Nc3 e5 4.dxe5 dxe5 5.Qxd8+ Kxd8 6.Bg5 Nd7 7.O-O-O c6 8.
Nf3 Ke8 9.Bh4 Bb4 10.Bd3 Ba5 11.Rd2 b5 12.Rhd1 Rb8 13.a3 Bc7 14.b3 a5 15.
a4 b4 16.Ne2 Nc5 17.Bxf6 gxf6 18.Ng3 Rg8 19.h3 Be6 20.Kb2 Rd8 21.Nh4 Bb6 
22.Bf1 Rxd2 23.Rxd2 Rxg3 24.fxg3 Nxe4 25.Rd1 Bd4+ 26.Rxd4 exd4 27.g4 h6 
28.Nf3 c5 29.Bb5+ Ke7 30.Bc6 Nc3 31.Nd2 Kd6 32.Bf3 c4 33.Kc1 Kc5 34.bxc4 
Bxc4 35.Nb3+ Bxb3 36.cxb3 d3 37.Kd2 Kd4 38.Bc6 Ne4+ 39.Kd1 Ke3 0-1

[Event "44th Bosna it"]
[Site "Sarajevo BIH"]
[Date "2014.06.06"]
[Round "9.19"]
[White "Trkulja, Goran"]
[Black "Karger, Frank"]
[Result "1-0"]
[WhiteElo "2363"]
[BlackElo "2293"]
[EventDate "2014.05.30"]
[PlyCount "79"]

1.e4 c5 2.Nf3 e6 3.d4 cxd4 4.Nxd4 a6 5.Bd3 Nf6 6.O-O d6 7.Kh1 g6 8.f4 Bg7 
9.Nf3 Nc6 10.Nc3 O-O 11.Qe1 Nd7 12.Qg3 Nc5 13.Be3 Nxd3 14.cxd3 f5 15.Rac1 
Bd7 16.e5 Nb4 17.Rfd1 Bc6 18.Nd4 Re8 19.a3 Nd5 20.Nxc6 bxc6 21.Nxd5 cxd5 
22.Rc6 dxe5 23.fxe5 Qb8 24.Bd4 Qb7 25.Rb6 Qc7 26.Qe3 Qf7 27.Bc5 f4 28.Qe2 
Reb8 29.Rxb8+ Rxb8 30.b4 a5 31.d4 axb4 32.axb4 g5 33.Rf1 Bf8 34.b5 Rc8 35.
Qf2 g4 36.b6 Qf5 37.Kg1 Bh6 38.Bd6 Qd3 39.b7 Re8 40.Qh4 1-0